| 000 | 00648cam a22002057a 4500 | ||
|---|---|---|---|
| 008 | 180718b2000 xxu||||| |||| 00| 0 eng d | ||
| 100 | _aFisman, Raymond | ||
| 245 |
_aDecentralization and corruption: evidence across countries _cby Raymond Fisman and Roberta Gatti |
||
| 260 |
_aWashington, D.C. _bWorld Bank _c2000 |
||
| 300 | _a18p. | ||
| 440 | _aPolicy research working paper 2290 | ||
| 650 | _aPolitical corruption | ||
| 650 | _aFiscal policy | ||
| 650 | _aFinance, Public | ||
| 650 | _aPublic | ||
| 650 | _aExpenditures | ||
| 650 | _aGovernment spending policy | ||
| 650 | _aDecentralization in government | ||
| 700 | _aGatti, Roberta | ||
| 999 |
_c283254 _d283254 |
||